000 00355nam a2200133Ia 4500
008 201214s9999 xx 000 0 und d
100 _aWilliams, L F Rushbrook (ed.)
245 2 _aA handbook for travellers in India, Pakistan, Nepal, Bangladesh & Sri Lanka
260 _aLondon
260 _bJohn Murray
260 _c1982
300 _a762
942 _cBK
999 _c5899
_d5899